000 01218nab a22002657a 4500
999 _c6041
_d6041
003 OSt
005 20260118205237.0
008 190605e xxu||||| |||| 00| 0 spa d
040 _cPJ
100 _96797
_aAnzarut, Gustavo
245 1 3 _aLa inspección del trabajo en la era digital :
_bel dilema de evitar la precariedad de la protección laboral sin entorpecer el avance de las nuevas modalidades de trabajo /
_cGustavo Anzarut.
260 _aCiudad Autónoma de Buenos Aires :
_bThomson Reuters La Ley,
_c2025.
300 _ap. 78-82
500 _aCita: TR LALEY AR/DOC/2677/2025.
505 _t¿Te interesa el texto completo? Solicitalo al correo: koha@justierradelfuego.gov.ar
650 0 _91316
_aDERECHO LABORAL
650 0 _91570
_aDERECHOS DEL TRABAJADOR
650 0 _96375
_aHIGIENE Y SEGURIDAD EN EL TRABAJO
650 0 _91383
_aLEY DE CONTRATO DE TRABAJO
650 0 _95718
_aLEY DE PROTECCION DE LOS DATOS PERSONALES
650 0 _95529
_aACCESO A LA INFORMACIÓN PÚBLICA
650 0 _9289
_aTECNOLOGIA DE LA INFORMACION
773 0 _02711
_93168
_dCiudad Autónoma de Buenos Aires : Thomson Reuters La Ley, 1999-2002.
_tRevista de derecho del trabajo. Nº 6 - Noviembre 2025
942 _2udc
_cANA